The complete Sophocles / (Record no. 16823)
[ view plain ]
| 000 -LEADER | |
|---|---|
| fixed length control field | 01479cam a2200397 a 4500 |
| 001 - CONTROL NUMBER | |
| control field | 16503565 |
| 003 - CONTROL NUMBER IDENTIFIER | |
| control field | EG-ScBUE |
| 005 - DATE AND TIME OF LATEST TRANSACTION | |
| control field | 20220323102757.0 |
| 008 - FIXED-LENGTH DATA ELEMENTS--GENERAL INFORMATION | |
| fixed length control field | 100816s2011 enk f b 000 d eng d |
| 020 ## - INTERNATIONAL STANDARD BOOK NUMBER | |
| International Standard Book Number | 0195388801 |
| 020 ## - INTERNATIONAL STANDARD BOOK NUMBER | |
| International Standard Book Number | 9780195388794 (acidfree paper) |
| 020 ## - INTERNATIONAL STANDARD BOOK NUMBER | |
| International Standard Book Number | 9780195388800 (pbk. : acidfree paper) |
| 040 ## - CATALOGING SOURCE | |
| Original cataloging agency | DLC |
| Language of cataloging | eng |
| Description conventions | rda |
| Transcribing agency | DLC |
| Modifying agency | DLC |
| -- | EG-ScBUE |
| 082 04 - DEWEY DECIMAL CLASSIFICATION NUMBER | |
| Classification number | 882.01 |
| Edition number | 22 |
| Item number | SOP |
| 100 0# - MAIN ENTRY--PERSONAL NAME | |
| Personal name | Sophocles, |
| Relator term | author. |
| 9 (RLIN) | 30368 |
| 240 10 - UNIFORM TITLE | |
| Uniform title | <a href="Selections.">Selections.</a> |
| Language of a work | English. |
| Date of a work | 2010 |
| 245 14 - TITLE STATEMENT | |
| Title | The complete Sophocles / |
| Statement of responsibility, etc | edited by Peter Burian and Alan Shapiro. |
| 264 #1 - PUBLICATION, DISTRIBUTION, ETC. (IMPRINT) | |
| Place of publication, distribution, etc | Oxford ; |
| -- | New York : |
| Name of publisher, distributor, etc | Oxford University Press, |
| Date of publication, distribution, etc | 2011. |
| 300 ## - PHYSICAL DESCRIPTION | |
| Extent | 1 volume ; |
| Dimensions | 21 cm. |
| 336 ## - CONTENT TYPE | |
| Source | rdacontent |
| Content type term | text |
| Content type code | txt |
| 337 ## - MEDIA TYPE | |
| Source | rdamedia |
| Media type term | unmediated |
| Media type code | n |
| 338 ## - CARRIER TYPE | |
| Source | rdacarrier |
| Carrier type term | volume |
| Carrier type code | nc |
| 490 0# - SERIES STATEMENT | |
| Series statement | Greek tragedy in new translations |
| 490 0# - SERIES STATEMENT | |
| Series statement | The complete Sophocles |
| Volume number/sequential designation | v. 1 |
| 504 ## - BIBLIOGRAPHY, ETC. NOTE | |
| Bibliography, etc | Includes bibliographical references. |
| 505 0# - FORMATTED CONTENTS NOTE | |
| Formatted contents note | Volume 1. The Theban Plays. |
| 600 07 - SUBJECT ADDED ENTRY--PERSONAL NAME | |
| Personal name | Sophocles |
| Form subdivision | Translations into English. |
| Source of heading or term | BUEsh |
| 9 (RLIN) | 30371 |
| 650 #7 - SUBJECT ADDED ENTRY--TOPICAL TERM | |
| Topical term or geographic name as entry element | Mythology, Greek |
| Form subdivision | Drama. |
| 9 (RLIN) | 30372 |
| Source of heading or term | BUEsh |
| 651 ## - SUBJECT ADDED ENTRY--GEOGRAPHIC NAME | |
| Source of heading or term | BUEsh |
| 653 ## - INDEX TERM--UNCONTROLLED | |
| Arrived date list | July2012 |
| Resource For college | Humanities: English |
| 655 ## - INDEX TERM--GENRE/FORM | |
| Form subdivision | Reading book |
| 9 (RLIN) | 34232 |
| 700 1# - ADDED ENTRY--PERSONAL NAME | |
| Personal name | Burian, Peter, |
| Dates associated with a name | 1943- |
| Relator term | editor. |
| 9 (RLIN) | 30373 |
| 700 1# - ADDED ENTRY--PERSONAL NAME | |
| Personal name | Shapiro, Alan, |
| Dates associated with a name | 1952- |
| Relator term | editor. |
| 9 (RLIN) | 30374 |
| 942 ## - ADDED ENTRY ELEMENTS (KOHA) | |
| Source of classification or shelving scheme | Dewey Decimal Classification |
| Koha item type | Book - Borrowing |
| Withdrawn status | Lost status | Source of classification or shelving scheme | Damaged status | Not for loan | Collection code | Home library | Current library | Shelving location | Date acquired | Source of acquisition | Cost, normal purchase price | Serial Enumeration / chronology | Total Checkouts | Total Renewals | Full call number | Barcode | Date last seen | Date checked out | Price effective from | Koha item type |
|---|---|---|---|---|---|---|---|---|---|---|---|---|---|---|---|---|---|---|---|---|
| Dewey Decimal Classification | Baccah | Central Library | Central Library | Second Floor | 08/07/2012 | 83.00 | 15424 | 2 | 2 | 882.01 SOP | 000026917 | 15/07/2025 | 26/03/2024 | 08/07/2012 | Book - Borrowing |